000 01453nam a2200265 a 4500
001 60282
003 BD-RjUL
005 20211209080824.0
008 161229s1983 bg ||||| |||| 00| 0 ben d
035 _a(BD-RjUL)60406
040 _aBD-RjUL
_bben
_cBD-RjUL
041 _aben
082 _223
_a338.6345492
_bABB 1982
100 _aআবদুল্লাহ, মতিউর রসুল মোহাম্মদ
_9179408
245 1 0 _aবাংলাদেশ ক্ষুদ্র ও কুটির শিল্প সংস্থা এবং বাংলাদেশে ক্ষুদ্র ও কুটির শিল্পের বিকাশ /
_cমতিউর রসুল মোহাম্মদ আবদুল্লাহ ....[অন্যান্য]
250 _a১ম সং.
260 _aঢাকা :
_bবাংলাদেশ ক্ষুদ্র ও কুটির শিল্প সংস্থা,
_c১৯৮২
300 _a১৩৮ পৃ. :
_bচিত্র ;
_c১৯ সেমি.
650 _aকুটির শিল্প
_zবাংলাদেশ
_9179409
650 _aCottage Industry
_zBangladesh
_9179410
700 _aপাল, মনোরমা
_9178017
700 _aসালেকিন, সিরাজুস
_9179411
700 _aআবদুল্লাহ, মতিউর রসুল মোহাম্মদ, সম্পাদক
_9179412
942 _2ddc
_cBK
999 _c60282
_d60282